Southville International School and Colleges
Your cart is empty.
  • Cart
  • Lists
    Public lists Eva Luna New books Lux_list list_1
    Your lists Log in to create your own lists
  • Log in to your account
  • Your cookies
  • Search history
Southville International School and Colleges
  • Advanced search
  • Recent comments
  • Most popular
  • Libraries

Log in to your account

Log in with GOOGLE


If you do not have an external account, but do have a local account, you can still log in:

  1. Home
  2. MARC view: Lightland /
Normal view MARC view ISBD view

Lightland / (Record no. 8276)

[ view plain ]
MARC details
000 -LEADER
fixed length control field 01431cam a2200385 a 4500
001 - CONTROL NUMBER
control field 12594460
003 - CONTROL NUMBER IDENTIFIER
control field OSt
005 - DATE AND TIME OF LATEST TRANSACTION
control field 20140310182017.0
008 - FIXED-LENGTH DATA ELEMENTS--GENERAL INFORMATION
fixed length control field 011120s2002 nyua c 000 1 eng
010 ## - LIBRARY OF CONGRESS CONTROL NUMBER
LC control number 2001058762
020 ## - INTERNATIONAL STANDARD BOOK NUMBER
International Standard Book Number 0439395658
020 ## - INTERNATIONAL STANDARD BOOK NUMBER
International Standard Book Number 0439395666 (pbk.)
040 ## - CATALOGING SOURCE
Original cataloging agency DLC
Transcribing agency DLC
Modifying agency DLC
042 ## - AUTHENTICATION CODE
Authentication code lcac
050 00 - LIBRARY OF CONGRESS CALL NUMBER
Classification number PZ 7
Item number .M478 2002
082 00 - DEWEY DECIMAL CLASSIFICATION NUMBER
Classification number KF
Item number M45l 2002
100 1# - MAIN ENTRY--PERSONAL NAME
Personal name McCutchen, Heather.
9 (RLIN) 6738
245 10 - TITLE STATEMENT
Title Lightland /
Statement of responsibility, etc H. L. McCutchen.
250 ## - EDITION STATEMENT
Edition statement 1st ed.
260 ## - PUBLICATION, DISTRIBUTION, ETC. (IMPRINT)
Place of publication, distribution, etc New York :
Name of publisher, distributor, etc Orchard Books
Date of publication, distribution, etc 2002.
300 ## - PHYSICAL DESCRIPTION
Extent 230 p. :
Other physical details ill. ;
Dimensions 22 cm.
520 ## - SUMMARY, ETC.
Summary, etc Twelve-year-old Lottie and her best friend Lewis, who speaks only to her, find themselves in a world called LightLand, where they confront the dreaded NightKing, a dangerous being who experiments with the energies of memory.
541 ## - IMMEDIATE SOURCE OF ACQUISITION NOTE
-- 1
562 ## - COPY AND VERSION IDENTIFICATION NOTE
Number of copies 1
650 #1 - SUBJECT ADDED ENTRY--TOPICAL TERM
Topical term or geographic name as entry element Magic
Form subdivision Fiction.
9 (RLIN) 6739
650 #1 - SUBJECT ADDED ENTRY--TOPICAL TERM
Topical term or geographic name as entry element Memory
Form subdivision Fiction.
9 (RLIN) 6740
650 #1 - SUBJECT ADDED ENTRY--TOPICAL TERM
Topical term or geographic name as entry element Best friends
Form subdivision Fiction.
9 (RLIN) 6741
650 #1 - SUBJECT ADDED ENTRY--TOPICAL TERM
Topical term or geographic name as entry element Friendship
Form subdivision Fiction.
9 (RLIN) 6742
650 #1 - SUBJECT ADDED ENTRY--TOPICAL TERM
Topical term or geographic name as entry element Selective mutism
Form subdivision Fiction.
9 (RLIN) 6743
650 #1 - SUBJECT ADDED ENTRY--TOPICAL TERM
Topical term or geographic name as entry element Fantasy.
9 (RLIN) 3293
856 42 - ELECTRONIC LOCATION AND ACCESS
Materials specified Publisher description
Uniform Resource Identifier <a href="http://www.loc.gov/catdir/description/schol051/2001058762.html">http://www.loc.gov/catdir/description/schol051/2001058762.html</a>
906 ## - LOCAL DATA ELEMENT F, LDF (RLIN)
a 7
b cbc
c orignew
d 1
e ocip
f 20
g y-gencatlg
942 ## - ADDED ENTRY ELEMENTS (KOHA)
Source of classification or shelving scheme Library of Congress Classification
Koha item type
Call number prefix
Holdings
Withdrawn status Lost status Source of classification or shelving scheme Damaged status Home library Current library Shelving location Date acquired Total Checkouts Full call number Barcode Date last seen Copy number Price effective from Koha item type
    Library of Congress Classification   Luxembourg Library Luxembourg Library Kids Fiction Section 07/31/2013   PZ 7 .M478 2002 14084 05/25/2015 1 07/31/2013 Books

Lightland /

APA

McCutchen H., . (2002). Lightland. New York: Orchard Books.

Chicago

McCutchen Heather, . 2002. Lightland. New York: Orchard Books.

Harvard

McCutchen H., . (2002). Lightland. New York: Orchard Books.

MLA

McCutchen Heather, . Lightland. New York: Orchard Books. 2002.

  • Place hold
  • Print
  • Cite
  • Add to your cart (remove)
  • Save record
    BIBTEX Dublin Core MARCXML MARC (non-Unicode/MARC-8) MARC (Unicode/UTF-8) MARC (Unicode/UTF-8, Standard) MODS (XML) RIS
  • More searches
    Search for this title in:
    Other Libraries (WorldCat) Other Databases (Google Scholar) Online Stores (Bookfinder.com) Open Library (openlibrary.org)

Exporting to Dublin Core...

SOUTHVILLE LIBRARY

Southville International School and Colleges Library

1281 Tropical Ave. Cor. Luxembourg St., BF Homes International, Las Pinas City

Tel. No. 8256374 / 252358 Loc. 117/146

Powered by Koha